Industrial chemicals and synthetic resins : Tariff Board review 1969 /

Saved in:
Bibliographic Details
Corporate Authors: Australian Chemical Industry Council, Australia. Tariff Board
Format: Book
Language:English
Published: Canberra : Tariff Board, 1969.
LEADER 00911nam a2200229 a 4500
001 c000072736
003 CARM
005 00000000000000.0
008 860624s1969 aca f00000 eng d
019 1 |a 4620380  |5 LACONCORD2021 
035 |a (OCoLC)219866700  |5 LACONCORD2021 
040 |a AIAC  |c AIAC 
042 |a anuc 
043 |a u-at--- 
110 2 0 |a Australian Chemical Industry Council. 
245 1 0 |a Industrial chemicals and synthetic resins :  |b Tariff Board review 1969 /  |c public evidence presented by the Australian Chemical Industry Council. 
260 |a Canberra :  |b Tariff Board,  |c 1969. 
300 |a 58, [82] leaves ;  |c 34 cm. 
710 1 |a Australia.  |b Tariff Board. 
852 8 |b CARM  |h A3:AB29D2  |i D01882  |p 0016692  |f BK 
999 f f |i dfa27dc4-3842-5e94-a9dd-328d605be526  |s eb70f61b-3873-56b5-a9da-9603954759fb 
952 f f |p Can circulate  |a CAVAL  |b CAVAL  |c CAVAL  |d CARM 1 Store  |e D01882  |f A3:AB29D2  |h Other scheme  |i book  |m 0016692